000
00319nam a22001337a 4500
008
180814b xxu||||| |||| 00| 0 eng d
020
_a
9780815112518
041
_a
eng
080
_a
616.0532
100
_a
8
101
_a
PED
245
_a
PALS PEDIATRIC ADVANCES LIFE STUDY GUIDE
_c
ACHLERT.B
942
_2
udc
_c
BK
999
_c
47165
_d
47165